Pracovný zošit k pokusnej učebnici slovenského jazyka pre 5. ročník základných škôl s vyučovacím jazykom maďarským

Bibliographic Details
Main Authors: Bernáthová, Alžbeta (Author), Kecskeméthyová, Štefánia (Author), Kecskeméthy, Viktor (Author)
Other Authors: Oravec, Dušan (Illustrator)
Format: Book
Language:Slovak
PhysicalDescription:103 s. ilustr. 29 cm
Published: Bratislava Slovenské pedagogické nakladateľstvo 1978
Edition:2. vyd.
Subjects:

MARC

LEADER 00000cam a2200000 a 4500
001 vtls001111215
003 SK-MaSNL
005 20260301233235.0
008 240315s1978 xo a c p 00000 slo
015 |a SNBA1978 
035 |a SNK000054058 
040 |a SNK  |b slo  |c SNK  |e AACR2 
041 0 |a slo 
044 |a xo  |c SK 
080 |a 372.462(076.5)  |2 1981 
100 1 |a Bernáthová, Alžbeta  |4 aut  |9 205479 
245 1 0 |a Pracovný zošit k pokusnej učebnici slovenského jazyka pre 5. ročník základných škôl s vyučovacím jazykom maďarským  |c Alžbeta Bernáthová, Štefánia Kecskeméthyová, Viktor Kecskeméthy ; [ilustroval Dušan Oravec] 
250 |a 2. vyd. 
260 |a Bratislava  |b Slovenské pedagogické nakladateľstvo  |c 1978 
300 |a 103 s.  |b ilustr.  |c 29 cm 
366 |e 1000 výt. 
500 |a Vyd. ako experiment. pracovný zošit Výsk. ústavu pedag. v Bratislave so súhlasom MŠ SSR 
650 0 7 |a slovenčina  |2 SNKPH  |9 1350 
655 7 |a učebnice základných škôl  |2 SNKPH  |9 70187 
655 7 |a pracovné zošity  |2 SNKPH  |9 70188 
700 1 |a Kecskeméthyová, Štefánia  |4 aut  |9 376447 
700 1 |a Kecskeméthy, Viktor  |4 aut  |9 278795 
700 1 |a Oravec, Dušan  |4 ill  |9 46076 
958 |a OND 
958 |a UX 
958 |a TL 
999 |c 965216  |d 967146 
952 |a SNK  |b SNK  |y PREZ  |7 0  |p 17A0925987  |o snkSB 25558  |i snkKSP 5585/77  |0 0  |1 0  |4 0  |d 2014-01-24  |f 1  |l 0  |r 2025-03-28 00:00:00  |w 2026-02-24 
952 |a SNK  |b SNK  |y VYP  |7 0  |o snkSB 25558 D1  |i snkKSP 5586/77  |0 0  |1 0  |4 0  |d 2014-01-24  |l 0  |r 2026-02-24 10:34:32  |w 2026-02-24